000
00477nam a2200181Ia 4500
008
100917s9999 xx 000 0 und d
082
_b
3252
100
_a
कानिटकर शं. के. (गिरिष)
245
_a
अभागी कमळ
260
_b
---
_c
1923
300
_a
92
365
_b
2
520
_a
कविता
630
_a
अभागी कमळ
650
_a
कविता
730
_a
अभागी कमळ
942
_c
BOOK
999
_c
608646
_d
608643